000 00796nam a2200265 a 4500
001 1115650
003 GBCCL
005 20241126110410.0
008 930726s1991 caua b 000 0 eng
010 _a 93182245
020 _a1880185008
040 _aDLC
_cDLC
050 0 0 _aBV2063
_b.P57 1991
082 0 0 _a266
_220
_bPIR
100 1 _aPirolo, Neal.
_93782
245 1 0 _aServing as senders /
_cNeal Pirolo.
260 _aSan Diego, CA :
_bEmmaus Road, International,
_cc1991.
300 _a207 p. :
_bill. ;
_c22 cm.
504 _aIncludes bibliographical references.
650 0 _aMissionaries
_xAppointment, call, and election.
_93642
650 0 _aMissions.
_9885
906 _a7
_bcbc
_corignew
_d3
_encip
_f19
_gy-gencatlg
942 _2ddc
_cBK
_02
999 _c1819
_d1819